000 00576nam a2200193Ia 4500
003 IN-BaIIA
008 211028s9999 xx 000 0 eng d
040 _cIIA Library
080 _a047.1:52
_bVIA-19
245 0 _aVistas in astronomy
_bvol. 19
_cedited by Arthur Beer and Peter Beer
260 _aOxford
_bPergamon Press
_c1975
300 _a426p.
650 _aAstronomy
_980
650 _aAstronomy and Astrophysics Thesaurus
650 _aAstrophysics
_9794
700 _aBeer, Arthur, ed.
_93137
700 _aBeer, Peter, ed.
_99434
942 _cBK
999 _c7873
_d7873